Music Quiz

Random Music or Song Quiz

2010s Song Title Match Up II Quiz Stats

 Plays Quiz Updated Sep 16, 2018

Score 0/25 Timer 04:00
1 Play Today
% Correct
Moves Like
96.3%
We Are Never
95.3%
We R Who
95.2%
Can’t Stop
94.7%
Take Me
94.5%
Set Fire
94.3%
Just Give
94.2%
The Heart Wants
93.7%
A Thousand
93.6%
Castle on
93.5%
What Makes
92.9%
The One
92.4%
Best Day
92.2%
% Correct
Thrift
92.1%
Here’s to Never
91.9%
Cake by the
91.7%
Drunk in
91.3%
Only Girl
90.8%
Lips
88.6%
Get
87.9%
Love
85.5%
Summertime
84.1%
Super
83%
Elastic
82.1%
Barefoot Blue
79.1%

You're not logged in!

Compare scores with friends on all Sporcle quizzes.
OR
Log In

Sporcle TV

Today on Sporcle TV


Watch our educational content, quiz creation guides, and fun videos on Sporcle TV.

Show Comments

Extras

Top Quizzes Today


Score Distribution

Your Account Isn't Verified!

In order to create a playlist on Sporcle, you need to verify the email address you used during registration. Go to your Sporcle Settings to finish the process.

Report this User

Report this user for behavior that violates our Community Guidelines.

Details: